[Event "Jakarta Indonesia op 1st"]
[Site "Jakarta"]
[Date "2011.10.18"]
[Round "8"]
[White "Abdumalik, Zhansaya"]
[Black "Tedy, Sukirman"]
[Result "1/2-1/2"]
[WhiteElo "2030"]
[BlackElo "2239"]
[PlyCount "101"]
[EventDate "2011.10.13"]
[EventType "swiss"]
[EventRounds "9"]
[EventCountry "INA"]
[SourceTitle "EXT 2012"]
[Source "ChessBase"]
[SourceDate "2011.11.24"]
[SourceVersion "1"]
[SourceVersionDate "2011.11.24"]
[SourceQuality "1"]

1. e4 Nc6 2. Nf3 Nf6 3. e5 Nd5 4. d4 e6 5. Be2 Nb6 6. 0-0 Be7 7. c4 d5 8. exd6 cxd6 9. a3 0-0 10. Nc3 d5 11. c5 Nd7 12. b4 Bf6 13. Rb1 Ne7 14. Bf4 a6 15. Qd2 Re8 16. b5 Qa5 17. Nxd5 Qxd2 18. Nxf6+ gxf6 19. Bxd2 axb5 20. Bxb5 Rd8 21. Bb4 Nb8 22. Rfd1 Nbc6 23. a4 Bd7 24. Bc3 Be8 25. Rd2 Nd5 26. Ba1 Ra7 27. Re1 f5 28. Bb2 h6 29. Rdd1 Ra5 30. Nd2 Ra7 31. Nc4 Nce7 32. Ra1 Nb4 33. Nd6 Bc6 34. Rec1 Nc8 35. Nxc8 Rxc8 36. Ra3 Nd5 37. Re1 Kh7 38. Rea1 Rg8 39. Bxc6 bxc6 40. a5 Nf4 41. g3 Nd5 42. Bc1 Rb8 43. Kf1 h5 44. Ke2 Kg6 45. Bd2 f6 46. f4 Kf7 47. Kd3 Nc7 48. Ra4 Na6 49. Kc2 Rab7 50. Bc3 Ke7 51. Kd2 1/2-1/2

[Event "Jakarta Indonesia op 1st"]
[Site "Jakarta"]
[Date "2011.10.16"]
[Round "5"]
[White "Tedy, Sukirman"]
[Black "Hidayat, Arifin"]
[Result "1-0"]
[WhiteElo "2239"]
[BlackElo "2159"]
[PlyCount "75"]
[EventDate "2011.10.13"]
[EventType "swiss"]
[EventRounds "9"]
[EventCountry "INA"]
[SourceTitle "EXT 2012"]
[Source "ChessBase"]
[SourceDate "2011.11.24"]
[SourceVersion "1"]
[SourceVersionDate "2011.11.24"]
[SourceQuality "1"]

1. d4 d6 2. Bg5 c5 3. dxc5 Qa5+ 4. Nc3 Nd7 5. Qd2 Qxc5 6. e4 a6 7. Nf3 b5 8. Be3 Qc6 9. a4 Ngf6 10. axb5 axb5 11. Rxa8 Qxa8 12. Bxb5 Nxe4 13. Nxe4 Qxe4 14. 0-0 Qa8 15. Re1 e6 16. Bf4 Qb7 17. c4 e5 18. Bxe5 dxe5 19. Nxe5 Kd8 20. Nxf7+ Kc7 21. Nxh8 Nf6 22. Nf7 Kb8 23. Qf4+ Qc7 24. Qxc7+ Kxc7 25. Ng5 Bb4 26. Re3 Ng4 27. Re2 h5 28. Ne6+ Bxe6 29. Rxe6 Nf6 30. h4 Kb7 31. Be8 Bc5 32. Kf1 Bd4 33. b4 Kc7 34. f3 Bc3 35. b5 Kd8 36. Bc6 Bb4 37. b6 Bc5 38. Bb5 1-0

[Event "Jakarta Telin op"]
[Site "Jakarta"]
[Date "2011.04.05"]
[Round "6"]
[White "Tedy, Sukirman"]
[Black "Cuhendi, Sean Winshand"]
[Result "1/2-1/2"]
[WhiteElo "2257"]
[BlackElo "1945"]
[PlyCount "64"]
[EventDate "2011.04.01"]
[EventType "swiss"]
[EventRounds "9"]
[EventCountry "INA"]
[SourceTitle "CBM 141 Extra"]
[Source "ChessBase"]
[SourceDate "2011.05.03"]
[SourceVersion "1"]
[SourceVersionDate "2011.05.03"]
[SourceQuality "1"]

1. d4 d5 2. Bg5 h6 3. Bf4 Bf5 4. e3 e6 5. Bd3 Bxd3 6. Qxd3 c6 7. Nd2 Bd6 8. Bxd6 Qxd6 9. Ngf3 Nd7 10. 0-0 Ngf6 11. c4 0-0 12. Rfe1 Rfe8 13. c5 Qc7 14. b4 b6 15. Qc3 a5 16. cxb6 Qxb6 17. a3 axb4 18. axb4 Rxa1 19. Rxa1 Rb8 20. Rb1 Qb5 21. h3 Rb6 22. g4 h5 23. gxh5 Nxh5 24. Ne1 Nhf6 25. Qd3 Nb8 26. Qxb5 Rxb5 27. Nd3 Na6 28. f3 Nd7 29. Nc5 Ndb8 30. Nd3 Nd7 31. Nc5 Ndb8 32. Nd3 Nd7 1/2-1/2

[Event "Asia Cities-ch 13th"]
[Site "Aden"]
[Date "2002.02.13"]
[Round "9"]
[White "Al Bahadly, Amjad Ali Mohammed"]
[Black "Tedy, Sukirman"]
[Result "1-0"]
[WhiteElo "2272"]
[BlackElo "2303"]
[PlyCount "97"]
[EventDate "2002.02.07"]
[EventType "team-swiss"]
[EventRounds "9"]
[EventCountry "YEM"]
[SourceTitle "EXT 2020"]
[Source "ChessBase"]
[SourceDate "2019.10.17"]
[SourceVersion "1"]
[SourceVersionDate "2019.10.17"]
[SourceQuality "1"]
[WhiteTeam "Baghdad"]
[BlackTeam "Jakarta"]
[WhiteTeamCountry "IRQ"]
[BlackTeamCountry "INA"]

1. d4 Nf6 2. Nf3 d6 3. c4 Bg4 4. Qb3 Qc8 5. h3 Bf5 6. g4 Bg6 7. Bg2 Nc6 8. d5 Nb8 9. Nc3 Na6 10. Nh4 Nd7 11. f4 Nac5 12. Qd1 e6 13. dxe6 fxe6 14. Nxg6 hxg6 15. Qc2 Kf7 16. b4 Na6 17. a3 Be7 18. 0-0 c6 19. Ne4 Kg8 20. Bb2 Nc7 21. Rad1 Ne8 22. Ng3 Nf8 23. e4 Qc7 24. Qb3 a5 25. Bd4 Bf6 26. Be3 axb4 27. axb4 Rb8 28. g5 Be7 29. Ra1 b6 30. Ne2 c5 31. b5 Rh5 32. Bf2 e5 33. h4 Ne6 34. f5 Nxg5 35. hxg5 Rxg5 36. Qf3 gxf5 37. exf5 Nf6 38. Nc3 Qb7 39. Qxb7 Rxb7 40. Bh4 Rg4 41. Bxf6 Bxf6 42. Ne4 Rd7 43. Rfd1 Be7 44. Ra6 Rb7 45. Kf1 Rb8 46. Nxd6 Rd4 47. Bd5+ Kf8 48. Rxd4 cxd4 49. Ne4 1-0

[Event "Jakarta op"]
[Site "Jakarta"]
[Date "2000.??.??"]
[Round "2"]
[White "Megaranto, Susanto"]
[Black "Tedy, Sukirman"]
[Result "0-1"]
[WhiteElo "2192"]
[BlackElo "2295"]
[PlyCount "74"]
[EventDate "2000.??.??"]
[EventType "swiss"]
[EventRounds "7"]
[EventCountry "INA"]
[SourceTitle "EXT 2001"]
[Source "ChessBase"]
[SourceDate "2000.11.22"]
[SourceVersion "1"]
[SourceVersionDate "2000.11.22"]
[SourceQuality "1"]

1. e4 e5 2. Nf3 Nc6 3. Bb5 Bc5 4. 0-0 Nf6 5. d3 d6 6. Bg5 h6 7. Bh4 Bg4 8. c3 0-0 9. b4 Bb6 10. Nbd2 g5 11. Bg3 Ne7 12. Qc2 c6 13. Bc4 Ng6 14. d4 Qe7 15. Rfe1 Nh5 16. a4 a6 17. h3 Bxf3 18. Nxf3 Qf6 19. dxe5 dxe5 20. Bh2 Nhf4 21. Bxf4 Nxf4 22. Nh2 h5 23. Nf1 Kh8 24. Ne3 Rg8 25. Nf5 g4 26. g3 Nxh3+ 27. Kg2 Rad8 28. a5 Ba7 29. Rad1 h4 30. Nxh4 Qxf2+ 31. Qxf2 Nxf2 32. Rxd8 Rxd8 33. Bxf7 Rd2 34. Kf1 Nh1 35. Rc1 Rf2+ 36. Ke1 Rxf7 37. Nf5 Nxg3 0-1

[Event "Jakarta op"]
[Site "Jakarta"]
[Date "2000.??.??"]
[Round "7"]
[White "Sampouw, Jacobus S"]
[Black "Tedy, Sukirman"]
[Result "0-1"]
[WhiteElo "2265"]
[BlackElo "2295"]
[PlyCount "64"]
[EventDate "2000.??.??"]
[EventType "swiss"]
[EventRounds "7"]
[EventCountry "INA"]
[SourceTitle "EXT 2001"]
[Source "ChessBase"]
[SourceDate "2000.11.22"]
[SourceVersion "1"]
[SourceVersionDate "2000.11.22"]
[SourceQuality "1"]

1. e4 e5 2. Nf3 Nc6 3. Bb5 Nf6 4. 0-0 Bc5 5. d3 d6 6. Be3 Bb6 7. Bxb6 axb6 8. d4 0-0 9. Bxc6 bxc6 10. Nc3 Qe7 11. h3 Re8 12. Re1 Nh5 13. Qd2 h6 14. a3 Qf6 15. dxe5 dxe5 16. Qe3 Kh7 17. Ne2 Ba6 18. Rad1 Bxe2 19. Rxe2 Nf4 20. Red2 Ra4 21. Rd7 Qg6 22. Nh4 Qg5 23. Qb3 Rxe4 24. Qxf7 Nxh3+ 25. Kf1 Rf4 26. Qg6+ Qxg6 27. Nxg6 Rxf2+ 28. Ke1 Rxg2 29. Nh4 Rg4 30. Nf5 Rf8 31. Ne3 Re4 32. Kd2 Rf6 0-1

[Event "Jakarta op"]
[Site "Jakarta"]
[Date "2000.??.??"]
[Round "1"]
[White "Tedy, Sukirman"]
[Black "Juswanto, Denny"]
[Result "1/2-1/2"]
[WhiteElo "2295"]
[BlackElo "2483"]
[PlyCount "108"]
[EventDate "2000.??.??"]
[EventType "swiss"]
[EventRounds "7"]
[EventCountry "INA"]
[SourceTitle "EXT 2001"]
[Source "ChessBase"]
[SourceDate "2000.11.22"]
[SourceVersion "1"]
[SourceVersionDate "2000.11.22"]
[SourceQuality "1"]

1. d4 d5 2. Bg5 c6 3. Nf3 h6 4. Bh4 Qb6 5. Qc1 Bf5 6. e3 e6 7. Nbd2 Nd7 8. Be2 Ngf6 9. 0-0 Be7 10. c4 0-0 11. Ne5 Qd8 12. Nxd7 Nxd7 13. Bxe7 Qxe7 14. Qc3 Rfe8 15. Rac1 Nf6 16. Bf3 Rad8 17. Rfd1 Bg6 18. b4 dxc4 19. Qxc4 e5 20. Nb3 e4 21. Be2 Nd5 22. b5 Qg5 23. bxc6 bxc6 24. Na5 Nf4 25. exf4 Qxa5 26. Qxc6 e3 27. fxe3 Rxe3 28. Bc4 Qf5 29. Qc7 Rde8 30. Rf1 Bh5 31. Qc5 Qg6 32. Bb5 Rb8 33. d5 Qe4 34. Rc4 Qd3 35. Qc8+ Re8 36. Bxe8 Rxc8 37. Rxc8 Kh7 38. Bc6 Be2 39. Re1 Qd4+ 40. Kh1 Qd2 41. Rg1 Qxf4 42. Re8 Bd3 43. Ree1 f5 44. Be8 Be4 45. Bf7 h5 46. Bxh5 Bxd5 47. a3 Qf2 48. Rd1 Be4 49. Bf7 f4 50. Bd5 Bxd5 51. Rxd5 Qe3 52. Rf5 Kh6 53. Rf1 g5 54. h4 gxh4 1/2-1/2

[Event "World Cities"]
[Site "Jakarta "]
[Date "1997.??.??"]
[Round "2"]
[White "Tedy, Sukirman"]
[Black "Supriyono, Eko"]
[Result "1-0"]
[WhiteElo "2285"]
[BlackElo "2295"]
[PlyCount "48"]
[EventDate "1997.07.08"]
[EventType "swiss"]
[EventRounds "10"]
[EventCountry "INA"]
[SourceTitle "CBM 058 Extra"]
[Source "ChessBase"]
[SourceDate "1997.07.29"]
[SourceVersion "1"]
[SourceVersionDate "1997.07.29"]
[SourceQuality "1"]

1. d4 d5 2. Bg5 h6 3. Bh4 c6 4. Nf3 Qb6 5. b3 Nf6 6. Bxf6 exf6 7. e3 Be7 8. Bd3 0-0 9. 0-0 Be6 10. Nbd2 Nd7 11. c4 f5 12. Qc2 g6 13. a4 a5 14. Rfc1 Rfc8 15. Rab1 Bf6 16. c5 Qc7 17. b4 b6 18. b5 cxb5 19. c6 Nf8 20. Bxb5 Be7 21. Rb3 Bb4 22. Nb1 Qd6 23. g3 Bd7 24. Ne5 Be8 1-0